| Tag |
First Indicator |
Second Indicator |
Subfields |
| LEADER |
00000cam a2200000 a 4500 |
| 001 |
in00000018992 |
| 005 |
20151007054128.0 |
| 008 |
871124s1988 nju b 00010 eng |
| 010 |
|
|
|a 87034464
|
| 020 |
|
|
|a 069106735X (alk. paper) :
|c $35.00
|
| 035 |
|
|
|a (OCoLC)17299734
|
| 035 |
|
|
|9 AAB4075AM
|
| 040 |
|
|
|a DLC
|c DLC
|d TXA
|d UtOrBLW
|
| 049 |
|
|
|a TXAM
|c [A11501749]
|
| 050 |
0 |
0 |
|a PN227
|b .S42 1988
|
| 082 |
0 |
|
|a 808/.00141
|2 19
|
| 100 |
1 |
|
|a Shapiro, Michael,
|d 1939-
|
| 245 |
1 |
0 |
|a Figuration in verbal art /
|c Michael and Marianne Shapiro.
|
| 264 |
|
1 |
|a Princeton, N.J. :
|b Princeton University Press,
|c [1988]
|
| 264 |
|
4 |
|c ©1988
|
| 300 |
|
|
|a xvi, 286 pages ;
|c 24 cm.
|
| 336 |
|
|
|a text
|b txt
|2 rdacontent
|
| 337 |
|
|
|a unmediated
|b n
|2 rdamedia
|
| 338 |
|
|
|a volume
|b nc
|2 rdacarrier
|
| 504 |
|
|
|a Bibliography: pages 267-286.
|
| 650 |
|
0 |
|a Figures of speech.
|
| 650 |
|
0 |
|a Criticism.
|
| 650 |
|
0 |
|a Poetry.
|
| 650 |
|
0 |
|a Deconstruction.
|
| 650 |
|
0 |
|a Semiotics and literature.
|
| 700 |
1 |
|
|a Shapiro, Marianne.
|
| 999 |
|
|
|a MARS
|
| 999 |
f |
f |
|s eb1d3242-3257-34d0-96d1-af21f86b4f82
|i 54be2b61-9760-3a15-8d7e-6af551bce417
|t 0
|
| 952 |
f |
f |
|p ric
|a Texas A&M University
|b Rellis Campus
|c Joint Library Facility
|d Remote Storage
|t 0
|e PN227 .S42 1988
|h Library of Congress classification
|i unmediated -- volume
|m A14811501749
|
| 998 |
f |
f |
|a PN227 .S42 1988
|t 0
|l Remote Storage
|